La Mujer en el proceso laboral /
Sparad:
| Huvudupphovsman: | |
|---|---|
| Övriga upphovsmän: | , |
| Materialtyp: | Text |
| Ämnen: | |
| Taggar: |
Lägg till en tagg
Inga taggar, Lägg till första taggen!
|
MARC
| LEADER | 00000 a a2200000 04500 | ||
|---|---|---|---|
| 001 | 9480 | ||
| 003 | |||
| 040 | |||
| 100 | |a Naranjo, Carmen | ||
| 245 | |a La Mujer en el proceso laboral / |c Carmen Naranjo ; Inés Llumiquing ; Elsa Freire | ||
| 650 | |a MUJERES | ||
| 650 | |a TRABAJO | ||
| 700 | |a Llumiquing, Inés | ||
| 700 | |a Freire, Elsa | ||
| 773 | |g número 77; 170 p | ||
| 999 | |c 36704 |d 36704 | ||
